00532 2200193 4500001002100000005001500021035002000036007000300056008004100059020002300100082001000123084001600133100001500149245004600164260004000210300004600250650002600296700001600322INLIS00000000000039920221031012010 a0010-1022000141ta221031 a 1 ind  a978-602-*252-906-4 a028.5 a028.5 WAT b0 aWatek Ideo1 aBersih-bersih Pabrik Tepung /cWatek Ideo aJakarta :bErlangga For Kids,c2017 a24 halaman :bilustrasi berwarna ;c20 cm 4aSeri Lingkungan Sehat0 aDK. Wardani